|
|
|
|
| LEADER |
00000cam a2200000 a 4500 |
| 001 |
004334 |
| 003 |
UAHC_CL |
| 005 |
20170803120032.0 |
| 008 |
170329b xx j 000 1 eng |
| 020 |
|
|
|a 9290391170
|
| 040 |
|
|
|a UAHC_CL
|c UAHC_CL
|d UAHC_CL
|
| 245 |
1 |
0 |
|a Transición tecnológica y diferenciación social en la agricultura latinoamericana
|c Martin Piñeiro, Ignacio Llovet, editores.
|
| 260 |
|
|
|b IICA
|a San José
|c 1986
|
| 300 |
|
|
|a 350 p.
|
| 700 |
1 |
|
|a Piñeiro, Martín
|
| 700 |
1 |
|
|a Llovet, Ignacio
|
| 710 |
1 |
|
|a Instituto Interamericano de Cooperación para la Agricultura.
|
| 900 |
|
|
|a 303.483 TRA
|
| 942 |
|
|
|c BK
|
| 952 |
|
|
|0 0
|1 0
|4 0
|6 303_483000000000000_TRA
|7 0
|8 General
|9 9849
|a BC
|b BC
|c General
|d 2017-08-03
|l 0
|o 303.483 TRA
|p 1441149
|r 2017-08-03 00:00:00
|t 1
|w 2017-08-03
|y BK
|
| 999 |
|
|
|c 4334
|d 4334
|